Kata banyak makna : bergambar

Bibliographic Details
Main Author: Mariam Hamid
Format: Book
Published: Kuala Lumpur : Iqra' Publications , 2001
Subjects:

MARC

LEADER 00000cam a2200000 7i4500
001 0000004227
005 20151222.0
008 070725
020 |a 9831460170 
090 0 0 |a DIC   |b MAL (4214) 
100 0 |a Mariam Hamid 
245 1 0 |a Kata banyak makna :   |b bergambar   |c Mariam Hamid 
260 |a Kuala Lumpur :   |b Iqra' Publications ,   |c 2001 
500 |a Children ages 7-9 years old (orange) 
650 0 |a Dictionary   |x Malay   |x Languages 
999 |a 0000975999   |b Book   |c REFERENCE   |e Cawangan Kota Tinggi 
999 |a 0000976000   |b Book   |c REFERENCE   |e Cawangan Mersing 
999 |a 0000976001   |b Book   |c REFERENCE   |e Perbadanan Perpustakaan Awam Johor 
999 |a 0000976003   |b Book   |c REFERENCE   |e Cawangan Bukit Gambir